000 00471nam a22001937a 4500
003 MPLRDC
005 20220104123553.0
008 210129b ||||| |||| 00| 0 eng d
020 _a957-32-0599-8
082 _a411.1 BJSL
100 _a杉靖三郎
245 _a现代养生训
_c谢文文译
250 _a初版二刷
260 _a
_b现代养生训
_c1992
300 _b
490 _a生活情报源. 9
650 _a健康法
942 _cBK
_o411.1 BJSL
999 _c12467
_d12457